このホロメン、誰推し?Which hololive member's fan is these hololive members? - Statistics

General Stats
  • This quiz has been taken 28 times
  • The average score is 19 of 78
Answer Stats
Hint Answer % Correct
※ときのそら/※Tokino Sora なし/None
68%
※ロボ子さん/※Robocosan なし/None
68%
風真いろは/Kazama Iroha 星街すいせい/Hoshimachi Suisei
58%
※星街すいせい/※Hoshimachi Suisei なし/None
53%
※AZKi なし/None
53%
※赤井はあと/※Akai Haato なし/None
47%
※白上フブキ/※Shirakami Fubuki なし/None
47%
※人見クリス/こHitomi Chris なし/None
47%
※夜空メル/※Yozora Mel なし/None
47%
※百鬼あやめ/※Nakiri Ayame なし/None
47%
※癒月ちょこ/※Yuzuki Choco なし/None
47%
白銀ノエル/Shirogane Noel 大空スバル/Oozora Subaru
47%
宝鐘マリン/Houshou Marine 湊あくあ/Minato Aqua
42%
※大神ミオ/※Ookami Mio なし/None
42%
※兎田ぺこら/※Usada Pekora なし/None
42%
※潤羽るしあ/※Uruha Rushia なし/None
42%
※常闇トワ/※Tokoyami Towa なし/None
42%
※獅白ぼたん/※Shishiro Botan なし/None
42%
※魔乃アロエ/※Mano Aloe なし/None
42%
沙花叉クロヱ/Sakamata Chloe 紫咲シオン/Murasaki Shion
32%
※火威青/※Hiodoshi Ao なし/None
32%
※音乃瀬奏/※Otonose Kanade なし/None
32%
※轟はじめ/※Todoroki Hajime なし/None
32%
※綺々羅々ヴィヴィ/※Kikirara Vivi なし/None
32%
水宮枢/Mizumiya Su 大空スバル/Oozora Subaru
32%
※アイラニ・イオフィフティーン/※Airani Iofifteen なし/None
26%
※クレイジー・オリー/※Kureiji Ollie なし/None
26%
※パヴォリア・レイネ/※Pavolia Reine なし/None
26%
※こぼ・かなえる/※Kobo Kanaeru なし/None
26%
※ワトソン・アメリア/※Watson Amelia なし/None
26%
※IRyS なし/None
26%
※オーロ・クロニー/※Ouro Kronii なし/None
26%
※九十九佐命/※Tsukumo Sana なし/None
26%
※七詩ムメイ/※Nanashi Mumei なし/None
26%
※シオリ・ノヴェラ/※Shiori Novella なし/None
26%
※古石ビジュー/※Koseki Bijou なし/None
26%
※エリザベス・ローズ・ブラッドフレイム/※Elizabeth Rose Bloodflame なし/None
26%
※ジジ・ムリン/※Gigi Murin なし/None
26%
ラプラス・ダークネス/La+ Darknesss 常闇トワ/Tokoyami Towa
26%
姫森ルーナ/Himemori Luna 大空スバル/Oozora Subaru
21%
猫又おかゆ/Nekomata Okayu がうる・ぐら/Gawr Gura
16%
響咲リオナ/Isaki Riona 姫森ルーナ/ Himemori Luna
16%
雪花ラミィ/Yukihana Lamy 宝鐘マリン/Houshou Marine
16%
鷹嶺ルイ/Takane Lui 宝鐘マリン/Houshou Marine
16%
アユンダ・リス/Ayunda Risu 猫又おかゆ/Nekomata Okayu 戌神ころね/Inugami Korone
16%
不知火フレア/Shiranui Flare 一伊那尓栖/Ninomae Ina'nis
16%
ハコス・ベールズ/Hakos Baelz 大空スバル/Oozora Subaru
16%
ムーナ・ホシノヴァ/Moona Hoshinova 兎田ぺこら/Usada Pekora
16%
桐生ココ/Kiryu Coco 赤井はあと/Akai Haato
11%
儒烏風亭らでん/Juufuutei Raden アキ・ローゼンタール/Aki Rosenthal
11%
尾丸ポルカ/Omaru Polka 博衣こより/Hakui Koyori
11%
森カリオペ/Mori Calliope 星街すいせい/Hoshimachi Suisei
11%
ベスティア・ゼータ/Vestia Zeta 風真いろは/Kazama Iroha
11%
天音かなた/Amane Kanata 湊あくあ/Minato Aqua
11%
アキ・ローゼンタール/Aki Rosenthal 猫又おかゆ/Nekomata Okayu
11%
湊あくあ/Minato Aqua 猫又おかゆ/Nekomata Okayu
11%
紫咲シオン/Murasaki Shion 猫又おかゆ/Nekomata Okayu
11%
がうる・ぐら/Gawr Gura 猫又おかゆ/Nekomata Okayu
11%
モココ・アビスガード/Mococo Abyssgard 尾丸ポルカ/Omaru Polka
11%
大空スバル/Oozora Subaru ロボ子さん/Robocosan
11%
虎金妃笑虎/Koganei Niko 鷹嶺ルイ/Takane Lui
11%
博衣こより/Hakui Koyori 兎田ぺこら/Usada Pekora
11%
小鳥遊キアラ/Takanashi Kiara 兎田ぺこら/Usada Pekora
11%
さくらみこ/Sakura Miko 赤井はあと/Akai Haato
5%
ネリッサ・レイヴンクロフト/Nerissa Ravencroft セレス・ファウナ/Ceres Fauna
5%
一伊那尓栖/Ninomae Ina'nis 姫森ルーナ/Himemori Luna
5%
セレス・ファウナ/Ceres Fauna 姫森ルーナ/Himemori Luna
5%
一条莉々華/Ichijou Ririka 姫森ルーナ/Himemori Luna
5%
フワワ・アビスガード/Fuwawa Abyssgard 宝鐘マリン/ Houshou Marine
5%
戌神ころね/Inugami Korone 一条莉々華/Ichijou Ririka
5%
夏色まつり/Natsuiro Matsuri 紫咲シオン/Murasaki Shion
5%
角巻わため/Tsunomaki Watame 猫又おかゆ/Nekomata Okayu 戌神ころね/Inugami Korone
5%
ラオーラ・パンテーラ/Raora Panthera ネリッサ・レイヴンクロウト/ Nerissa Ravencroft
5%
セシリア・イマーグリーン/Cecilia Immergreen 一伊那尓栖/Ninomae Ina'nis
5%
輪堂千速/Rindo Chihaya 沙花叉クロヱ/Sakamata Chloe
5%
アーニャ・メルフィッサ/Anya Melfissa 白上フブキ/Shirakami Fubuki
5%
カエラ・コヴァルスキア/Kaela Kovalskia 角巻わため/Tsunomaki Watame
5%
桃鈴ねね/Momosuzu Nene 潤羽るしあ/Uruha Rushia
5%
No matching quizzes found
Score Distribution
Percent of People with Each Score
Percentile by Number Answered
Your Score History
You have not taken this quiz